000 00549nam a2200217Ia 4500
003 OSt
005 20250707112518.0
008 210210b2003 xxu||||| |||| 00| 0 eng d
020 _a8122413846
040 _cAL
041 _aeng
082 _a546 DEAT
100 _aAnil Kumar De
_9210949
245 _aText book of inorganic chemistry Ed 9
250 _a9
260 _aNew Delhi
_bNew Age International (P) Limited, Publishers
_c2003
300 _aiv,899p
690 _aInorganic Chemistry
_9210957
906 _a062365
942 _2ddc
_cBK
999 _c117400
_d117400